Länder Europas nach Buchstaben S-V - Statistiken

Allgemein
  • Dieses Quiz wurde 169 mal gespielt
  • Das Durchschnittsergebnis liegt bei 11 aus 12
Antwortstatistiken
- Land % Korrekt
S Schweden
96%
U Ungarn
96%
S Slowenien
95%
V Vatikanstadt
95%
S Slowakei
94%
S Schweiz
92%
S Serbien
91%
S Spanien
91%
S San Marino
89%
U Ukraine
83%
T Tschechien
81%
V Vereinigtes Königreich
73%
Keine übereinstimmenden Quizze gefunden
Verteilung der Resultate
Anzahl Personen mit jedem Resultat
Perzentil nach korrekt beantworteten Fragen
Ihre Resultats-Entwicklung
Sie haben dieses Quiz noch nicht gespielt